Geometría : (Registro nro. 47)
[ vista simple ]
| 000 -LEADER | |
|---|---|
| fixed length control field | 01396nam a2200229Ia 4500 |
| 003 - CONTROL NUMBER IDENTIFIER | |
| control field | PE SENCICO BE |
| 005 - DATE AND TIME OF LATEST TRANSACTION | |
| control field | 20251020182424.0 |
| 008 - FIXED-LENGTH DATA ELEMENTS--GENERAL INFORMATION | |
| fixed length control field | 200515s9999 xx 000 0 und d |
| 040 ## - CATALOGING SOURCE | |
| Original cataloging agency | PE SENCICO BE |
| Transcribing agency | PE SENCICO BE |
| 041 ## - LANGUAGE CODE | |
| Language code of text/sound track or separate title | spa |
| 082 ## - DEWEY DECIMAL CLASSIFICATION NUMBER | |
| Classification number | 516.22 |
| Item number | S21 |
| 100 1# - MAIN ENTRY--PERSONAL NAME | |
| Personal name | Santivañez Marín, José |
| 9 (RLIN) | 2134 |
| Relator term | autor |
| 245 10 - TITLE STATEMENT | |
| Title | Geometría : |
| Remainder of title | plana y del espacio / |
| Statement of responsibility, etc. | José Santivañez Marín |
| 250 ## - EDITION STATEMENT | |
| Edition statement | 4a ed. |
| 260 ## - PUBLICATION, DISTRIBUTION, ETC. | |
| Place of publication, distribution, etc. | Lima : |
| Name of publisher, distributor, etc. | Proesan ; |
| Date of publication, distribution, etc. | 1992 |
| 300 ## - PHYSICAL DESCRIPTION | |
| Extent | 1034 p. : |
| Other physical details | graf., tbl. ; |
| Dimensions | 20 cm. |
| 490 ## - SERIES STATEMENT | |
| Series statement | Colección Euclides |
| 505 0# - FORMATTED CONTENTS NOTE | |
| Formatted contents note | Lineas y segmentos -- Números de puntos de intersección -- Medidas de ángulos -- Generalidades sobre polígonos -- Triángulo -- Simetría en el plano -- Rectas y paralelas -- Suma de medidas angulares -- Cuadriláteros -- Lineas concurrentes en el triángulo -- Circunferencia -- Angulos de la circuneferencia -- Segmentos proporcionales y semejanza de triangulos -- Relaciones métricas entre las líneas de una circunferencia -- Poligonos regulares convexos -- Longitud de la circunferencia -- Area de las figuras planas -- Comparación de areas -- Figuras planas equivalentes -- Superficies en el espacio -- Perpendiculares y oblicuas con relación a un plano -- Paralelas con relación a un plano -- Angulos diedros -- Angulos triedros |
| 650 10 - SUBJECT ADDED ENTRY--TOPICAL TERM | |
| Topical term or geographic name entry element | Geometría plana |
| 9 (RLIN) | 1020 |
| 650 20 - SUBJECT ADDED ENTRY--TOPICAL TERM | |
| Topical term or geographic name entry element | Matemáticas |
| 9 (RLIN) | 2106 |
| 942 ## - ADDED ENTRY ELEMENTS (KOHA) | |
| Koha item type | Libros |
| Source of classification or shelving scheme | Dewey Decimal Classification |
| Fecha de la última vez que lo usaron | Número de ingreso o de inventario | Pago total | Signatura topográfica completa | Código de barras | Precio efectivo desde | Tipo de documento | Estado perdido | Sistema de clasificación | Estado dañado | No es para préstamo | Retirado | Ubicación permanente | Ubicación actual | Fecha de adquisición |
|---|---|---|---|---|---|---|---|---|---|---|---|---|---|---|
| 15/05/2020 | 12489 | 516.22/S21/1992 | BibLima24040068 | 15/05/2020 | Libros | Dewey Decimal Classification | Biblioteca Central Lima | Biblioteca Central Lima | 15/05/2020 | |||||
| 15/05/2020 | 12491 | 516.22/S21/1992/ej. 2 | BibLima24040069 | 15/05/2020 | Libros | Dewey Decimal Classification | Biblioteca Central Lima | Biblioteca Central Lima | 15/05/2020 | |||||
| 15/05/2020 | 12490 | 516.22/S21/1992/ej. 3 | BibLima24040070 | 15/05/2020 | Libros | Dewey Decimal Classification | Biblioteca Central Lima | Biblioteca Central Lima | 15/05/2020 |